Регионална библиотека "Любен Каравелов" - Русе

Фокуси за начинаещи и напреднали магове (Запис номер 85211)

MARC детайли
000 -Лидер
Контролно поле с фиксирана дължина 01363nam a2200349 c 4500
003 - Код на организацията, давaща контролен номер
Контролно поле BLK
005 - Дата и час на последна редакция
Контролно поле 20241116120119.0
008 - Елементи от данни с фиксирана дължина
fixed length control field 180408b bul|||||r ||||||| ||bul||
010 ## - Наследен системен номер
LC control number KNG00089807000
020 ## - Международен стандартен номер на книга ISBN
Международен стандартен номер на книга ISBN 978-954-685-412-4
-- издат.: СофтПрес
040 ## - Източник на каталожния запис
Идентификатор на билиотеката - собственик на записа BLK
041 ## - Код за език
Код за езика на текст/звукозапис или на отделно заглавие Български
Код за езика КДБФ Български
080 ## - УДК
Текстов определител УДК Забавна физика, трикове, фокуси, илюзионизъм, хоби (общи въпроси). Се класифица със съотношение към съответния отдел. Вж и 792.734
УДК код - определител по УДК 793.8
УДК определител (035)
УДК - код + определител 793.8(035)
100 1# - Редна дума - Автор
Автор Цолов, Красимир
Авторска отговорност първи автор
R(LIN) 366605
139 ## - Редно поле
Редна дума Цолов, Красимир
Авторски знак Цол - Ц 76
245 10 - Сведения за заглавието
Заглавие Фокуси за начинаещи и напреднали магове
Редно поле (дума) Красимир Цолов.
257 ## - Страна на издаване
Страна на създаване/издаване България
260 ## - Област на издателските данни
-- София
Име на издателя, разпространителя и проч. СофтПрес
Година на издаване 2008
300 ## - Физическа характеристика
Страници 224 с.
Размери/Мащаб 24 см
380 ## - Жанр
Жанр 793/799 Спорт
500 ## - Общи забележки
Забележка Офс. изд.
650 #4 - Допълнително описание по предмет – тема
Основно описание – тема или топоним Фокуси - наръчници и ръководства
9 (RLIN) 175900
653 ## - Ключова дума – ненормативна
Ключова дума фокуси
653 ## - Ключова дума – ненормативна
Ключова дума наръчници
653 ## - Ключова дума – ненормативна
Ключова дума ръководства
852 ## - Местоположение
Форматна сигнатура Цб 244231
856 4# - Електронен адрес и достъп
Електронен формат pdf - файл
Път до файла /url/
856 4# - Електронен адрес и достъп
Електронен формат pdf - файл
Път до файла /url/
942 ## - АРТИКУЛИ
Вид на библиотечния материал Книги
Скрит в OPAC Не
Koha issues (borrowed), all copies 19
944 ## - СЪЗДАВАНЕ И РЕДАКЦИЯ на ЗАПИСА
Създаване/Редакция Създаване
Дата на регистрацията/редакция 10.06.2009
Статус, дата на статуса Вася Ганчева
Служител, извършил регистрацията/редакцията 30549
944 ## - СЪЗДАВАНЕ И РЕДАКЦИЯ на ЗАПИСА
Създаване/Редакция Редакция
Дата на регистрацията/редакция 12.06.2009
Статус, дата на статуса ф /
Служител, извършил регистрацията/редакцията
999 ## - СИСТЕМНИ КОНТРОЛНИ НОМЕРА
Koha biblionumber 85211
Koha biblioitemnumber 85211
Наличности
Код за отписване Код за изгубен артикул Източник на класификационната схема Код за повреда Коз за рестрикции Код за отдаване Артикулен № Име на библиотеката - собственик Име на библиотеката, в която се намира в момента Статус (Текущо местоположение) Дата на вписване в системата Местоположение - отдел Цена в лева Инвентарен номер Систематично азбучна сигнатура Баркод Номер на екземпляра Цена в евро Служебна бележка Служебен тип на артикула
  Не е изгубен Universal Decimal Classification Не е повреден без рестрикции заемане за дома 138248 Регионална библиотека "Любен Каравелов" Русе Регионална библиотека "Любен Каравелов" Русе Детски отдел 2009-06-09 Детски отдел 9.99 120000736075 ДН 79/Ц 76 120000736075 1 5.11 Дост: Pk Вид: Ф N: 44 Дата: 03.06.2009 Дата инв: 20.08.2015 Бележки инв: Д2015 Книги
  Не е изгубен Universal Decimal Classification Не е повреден без рестрикции заемане за дома 689730 Регионална библиотека "Любен Каравелов" Русе Регионална библиотека "Любен Каравелов" Русе Детски отдел 2019-02-19 Детски отдел 9.99   ДН 79/Ц 79 120000830212   5.11   Книги
Vip Innovations Ltd, Rousse, Bulgaria 2025